Responses for show #4216 - Monday, December 23, 2002

Contestants

Marc Goldenberg, an economist from Miami Beach, Florida

Erin Butler, a recent college graduate from Stewartsville, New Jersey

Laura Sturaitis, a marketing executive from Fort Lauderdale, Florida (whose 1-day cash winnings total $2,700)

Jeopardy! Round responses

U.S. HISTORY
BUSINESS & INDUSTRY
MUSICAL INSTRUMENTS
MIND YOUR MANNERS
UNIVERSITY STATE
(Alex: We'll give you the school, you tell us what state that school is located in.)
DOUBLE-"Z" WORDS
    $200 18
Sam Houston

Marc
    $200 11
(Alex: Paul Marcarelli is the talented actor who is making a good living doing these commercials. Thanks, Paul!)

Verizon Wireless

Erin
    $200 2
bongos

Erin
    $200 12
golf

Laura
    $200 26
Rhode Island

Erin
    $200 1
swizzle stick

Erin
    $400 19
air mail

Marc
    $400 14
Oreo cookies

Erin
    $400 3
(Laura: What is a mandolin?)

guitar

LauraErin
    $400 13
elbows

Laura
    $400 27
California

Laura
    $400 7
buzzards

Erin
    $600 20
Antarctica

Marc
    $600 15
Rupert Murdoch

Marc
    $600 4
trombone

Erin
    $600 23
thank you note

Marc
    $600 28
(Marc: What is Missouri?)

Virginia

Marc
Triple Stumper
    $600 8
Sizzler

Laura
    $800 21
Poverty

Marc
    $800 16
S.S. Kresge

Laura
    $800 5
piccolo

Erin
    $800 24
(Erin: Who is the bride?)
(Marc: Who is the groom?)
(Laura: Who is the father of the bride?)

the bride's mother

LauraErinMarc
Triple Stumper
    $500 29
(Laura: What is Oklahoma?)

Nebraska

Laura
    $800 9
embezzlement

Erin
    $1000 22
(Alex: Nicely done, you're close to the lead.)

Japan

Marc
    $1000 17
Peugeot

Erin
    $1000 6
(Alex: Hey, you know your musical instruments & it paid off for you -- well done!)

tambourine

Erin
    $1000 25
(Laura: What are carrots?)
....
(Alex: Minute to go now.)

asparagus

LauraMarc
    $1000 30
(Erin: What is Louisiana?)

Michigan

ErinMarc
    $1000 10
tetrazzini

Marc

Scores at the first commercial break (after clue 15):

Laura Erin Marc
$800 $5,000 $1,600

Scores at the end of the Jeopardy! Round:

Laura Erin Marc
-$300 $4,400 $5,800

Double Jeopardy! Round responses

ODE TO ENGLAND
"J.B." SPORTS
WORDS WITHIN WORDS
PARTY TIME!
ALBEE
A MONKEY'S UNCLE
    $400 21
Saint Nicholas/Father Christmas

Marc
    $400 26
jump ball

Erin
    $400 16
(Marc: What is a skirt?)

hem (Bo(hem)ian)

ErinMarc
    $400 6
baby shower

Marc
    $400 1
Who's Afraid of Virginia Woolf?

Laura
    $400 11
Curious George

Marc
    $800 22
(Erin: What is London Bridge?)

Tower Bridge

ErinMarc
    $800 27
Johnny Bench

Laura
    $800 17
(Marc: What is a bough?)

arbor (Sc(arbor)ough)

LauraMarc
    $800 7
13th anniversary

Erin
    $800 2
Tiny Alice

Triple Stumper
    $800 12
Madagascar

Laura
    $1200 23
(Marc: What is Wales?)
....
(Alex: Less than a minute to go.)

Northern Ireland

Marc
Triple Stumper
    $1200 28
junior bantamweight

Triple Stumper
    $1200 18
(Marc: What is a spider?)

mite (li(mite)d)

ErinMarc
    $1200 8
the Donner Party

Laura
    $1200 3
The Goat

Laura
    $1200 13
rhesus monkeys

Laura
    $1600 24
Arsenal

Erin
    $1600 29
[buzzer sounds to end the round]

Joan Benoit

Laura
    $1600 19
format (in(format)ion)

Marc
    $1600 9
(Marc: What is "The Dinner Party")
(Erin: What is "The Anniversary Party?")

The Birthday Party

ErinMarc
Triple Stumper
    $1600 4
Bessie Smith

Triple Stumper
    $1600 14
howler monkey

Marc
    $2000 25
Sir Humphry Davy

Triple Stumper
    $5,800 20
luge (f(luge)lhorn)

Marc
    $1,300 10
(Laura: What is "The Cask of Amontillado?")

The Masque of the Red Death

Laura
    $2000 5
The Zoo Story

Triple Stumper
    $2000 15
proboscis monkey

Erin

Scores at the end of the Double Jeopardy! Round:

Laura Erin Marc
$6,400 $8,400 $11,600

[wagering suggestions for these scores]

Final Jeopardy! Round responses

OSCAR WINNERS
[NOTE: When the episode aired, the correct response was given as "Jodie Foster" due to a research error. Alex issued a correction before Final Jeopardy! on show #4256, aired 2003-02-17, noting that, thankfully, the error did not affect the outcome of the game.]
LauraWho is Sally Field?
$6,400
ErinWho is Sally Field?
$4,401
MarcWho is Winona Ryder?
$6,000
Luise Rainer

Final scores:

Laura Erin Marc
$0 $3,999 $5,600
3rd place: $1,000 2nd place: $2,000 New champion: $5,600

Game dynamics:

Coryat scores:

Laura Erin Marc
$8,200 $8,400 $7,800
13 R,
5 W
(including 2 DDs)
18 R,
4 W
17 R
(including 1 DD),
7 W

Combined Coryat: $24,400

The J! Archive is created by fans, for fans. The Jeopardy! game show and all elements thereof, including but not limited to copyright and trademark thereto, are the property of Jeopardy Productions, Inc. and are protected under law. This website is not affiliated with, sponsored by, or operated by Jeopardy Productions, Inc. Join the discussion at JBoard.tv.